[Event "Rated Blitz game"]
[Site "?"]
[Date "2021.05.05"]
[Round "?"]
[White "Halil245"]
[Black "pasha1984"]
[Result "1-0"]
[WhiteElo "2421"]
[BlackElo "2385"]
[PlyCount "105"]
[EventDate "2021.??.??"]
[EventType "blitz"]

1. e4 e5 2. Nf3 d5 3. d4 dxe4 4. Nxe5 Bd6 5. Nc4 Nc6 6. Nc3 Nf6 7. Bg5 Bb4 8.
Be3 Nd5 9. Qd2 O-O 10. a3 Bxc3 11. bxc3 f5 12. g3 Qf6 13. Be2 f4 14. gxf4 Nxf4
15. O-O-O Nxe2+ 16. Qxe2 Bf5 17. Rhg1 Bg6 18. Bg5 Qxf2 19. Rg2 Qf3 20. Kb2 b5
21. Nd2 Qf5 22. Rf1 Qd5 23. Nb3 a5 24. Bd2 a4 25. Nc5 Na5 26. Rg5 Nc4+ 27. Ka2
Qc6 28. Rxf8+ Rxf8 29. Bc1 Bf7 30. Ka1 h6 31. Rf5 Bg6 32. Rxf8+ Kxf8 33. Qg4
Kg8 34. Qc8+ Kh7 35. Qe6 Qxe6 36. Nxe6 e3 37. Bxe3 Nxe3 38. Nxc7 Nxc2+ 39. Kb2
Ne3 40. Nxb5 Nc4+ 41. Ka2 Bc2 42. d5 Bb3+ 43. Ka1 Ne5 44. d6 g5 45. Nd4 Kg6 46.
Nxb3 axb3 47. a4 Nc4 48. d7 b2+ 49. Kb1 Na3+ 50. Kxb2 Nc4+ 51. Kc1 Nb6 52. d8=Q
Nd5 53. Qxd5 {Normal} 1-0

[Event "Rated Blitz game"]
[Site "?"]
[Date "2021.05.05"]
[Round "?"]
[White "ramzyabian"]
[Black "liaqat321"]
[Result "1-0"]
[WhiteElo "2488"]
[BlackElo "2369"]
[PlyCount "77"]
[EventDate "2021.??.??"]
[EventType "blitz"]

1. e4 e5 2. Nf3 d5 3. exd5 e4 4. Qe2 Nf6 5. Nc3 Be7 6. Nxe4 Nxd5 7. d4 O-O 8.
c4 Nb6 9. d5 Re8 10. Bd2 f5 11. Ne5 fxe4 12. Qxe4 Bf6 13. f4 N8d7 14. Bd3 g6
15. O-O Nxe5 16. fxe5 Bxe5 17. Qf3 Rf8 18. Qe3 Bxb2 19. Rae1 Bg7 20. Bb4 Rxf1+
21. Rxf1 Bd7 22. Qf2 Qe8 23. g3 Bh3 24. Re1 Qf7 25. Qxf7+ Kxf7 26. Re7+ Kg8 27.
Rxc7 Rc8 28. Rxc8+ Nxc8 29. Kf2 Bd4+ 30. Kf3 Bd7 31. c5 b6 32. c6 Be8 33. Ba6
Bf7 34. Ke4 Bg1 35. h3 Bh2 36. Bxc8 Bxg3 37. Be7 Be8 38. Bd7 Bf7 39. d6 {Normal
} 1-0

[Event "Rated Blitz game"]
[Site "?"]
[Date "2021.05.05"]
[Round "?"]
[White "kotgjo"]
[Black "DarthZannah"]
[Result "1-0"]
[WhiteElo "2382"]
[BlackElo "2529"]
[PlyCount "139"]
[EventDate "2021.??.??"]
[EventType "blitz"]

1. e4 e5 2. Nf3 d5 3. Nxe5 dxe4 4. d4 Nd7 5. Nxd7 Bxd7 6. Bc4 Bd6 7. Nc3 f5 8.
Bxg8 Rxg8 9. Qh5+ g6 10. Qxh7 Be6 11. h4 Qf6 12. Nb5 Qg7 13. Qxg7 Rxg7 14.
Nxd6+ cxd6 15. Bg5 Kd7 16. g3 Rc8 17. Kd2 Kc6 18. b3 Rh7 19. c4 d5 20. Rac1 Kd7
21. cxd5 Bxd5 22. Rxc8 Kxc8 23. Rc1+ Rc7 24. Rc5 Bf7 25. Bf4 Rxc5 26. dxc5 Kd7
27. Kc3 Ke6 28. Kd4 Be8 29. a4 Bc6 30. Kc4 Bd5+ 31. Kb4 Bc6 32. Ka5 Kd5 33. b4
Bd7 34. Bb8 b6+ 35. cxb6 axb6+ 36. Kxb6 Bxa4 37. Bf4 Kc4 38. Bd2 Kd3 39. Be3
Kc4 40. Bc5 Kd5 41. Kc7 Ke6 42. Be3 Be8 43. Kb6 Kd5 44. Bf4 Ba4 45. Kc7 Ke6 46.
Be3 Be8 47. Kd8 Ba4 48. Bf4 Bb5 49. Kc7 Ba4 50. Kb6 Kd5 51. Be3 Be8 52. Kc7 Ba4
53. Bc5 Ke6 54. Kb6 Kd5 55. Ka5 Be8 56. Be3 Kc4 57. Bd2 Bd7 58. Kb6 Kd5 59. Kc7
Be8 60. Kd8 Ba4 61. Ke7 Kd4 62. Kf6 Be8 63. Ke7 Bb5 64. Kf7 Kd3 65. Be3 Kc4 66.
Kxg6 Bd7 67. Bc5 Kd5 68. h5 Ke6 69. h6 Be8+ 70. Kg7 {Normal} 1-0

[Event "Rated Blitz game"]
[Site "?"]
[Date "2021.05.05"]
[Round "?"]
[White "ZenModeChess"]
[Black "annaly1979"]
[Result "0-1"]
[WhiteElo "2413"]
[BlackElo "2408"]
[PlyCount "40"]
[EventDate "2021.??.??"]
[EventType "blitz"]

1. e4 e5 2. Nf3 d5 3. exd5 e4 4. Qe2 f5 5. d3 Nf6 6. dxe4 fxe4 7. Nc3 Bb4 8.
Qb5+ c6 9. Qxb4 exf3 10. Be3 cxd5 11. O-O-O Nc6 12. Qc5 Bg4 13. Nxd5 fxg2 14.
Bxg2 Bxd1 15. Rxd1 Kf7 16. Nxf6 Qxf6 17. Bd5+ Ke8 18. Kb1 Rd8 19. Bg5 Qxg5 20.
Bxc6+ Kf7 {Normal} 0-1

[Event "Rated Blitz game"]
[Site "?"]
[Date "2021.05.05"]
[Round "?"]
[White "dcvbnmki"]
[Black "Gifroy"]
[Result "1-0"]
[WhiteElo "2409"]
[BlackElo "2409"]
[PlyCount "155"]
[EventDate "2021.??.??"]
[EventType "blitz"]

1. e4 e5 2. Nf3 d5 3. exd5 e4 4. Nd4 Qxd5 5. Nb3 Qe5 6. Nc3 Bf5 7. Bc4 Nc6 8.
O-O Bd6 9. g3 Nf6 10. Re1 O-O-O 11. d4 Qe7 12. Bg5 h6 13. Nd5 Qd7 14. Nxf6 gxf6
15. Bxf6 h5 16. Nc5 Qe8 17. Qe2 Rh6 18. Bxd8 Nxd4 19. Qe3 Qh8 20. Nxe4 Bxe4 21.
Qxe4 Kxd8 22. Rad1 Nc6 23. Bxf7 Kc8 24. Qe8+ Qxe8 25. Rxe8+ Kd7 26. Rg8 Ne5 27.
Bb3 Kc6 28. Bd5+ Kb6 29. f4 Ng4 30. Rd3 Bc5+ 31. Kg2 c6 32. Bf3 Ne3+ 33. Kh3
Nf5 34. b4 Be7 35. a4 a5 36. bxa5+ Kxa5 37. Ra8+ Kb6 38. Rb3+ Kc7 39. Ra7 Nd6
40. a5 Kb8 41. Raxb7+ Nxb7 42. a6 Ka8 43. Rxb7 Bc5 44. Rf7 Kb8 45. f5 Bd4 46.
Rd7 Bc5 47. Be4 Rf6 48. Kh4 Be3 49. g4 Kc8 50. g5 Kxd7 51. gxf6 Bd4 52. Kg5 Kc7
53. Kg6 h4 54. f7 Bc5 55. Kg7 Bd4+ 56. Kg8 Bc5 57. f8=Q Bxf8 58. Kxf8 Kb6 59.
Bd3 c5 60. Ke7 c4 61. Bxc4 Ka7 62. Bd3 Kb6 63. f6 Ka7 64. f7 Kb6 65. f8=Q Ka7
66. Qh6 h3 67. Qh4 Kb6 68. Qxh3 Kc5 69. Qe3+ Kb4 70. a7 Kc3 71. a8=Q Kb2 72.
Qb7+ Kc3 73. Qe5+ Kd2 74. Qg2+ Kd1 75. Qee2+ Kc1 76. Qd2+ Kb2 77. Qb4+ Kc1 78.
Qf1# {Normal} 1-0

[Event "Rated Blitz game"]
[Site "?"]
[Date "2021.05.05"]
[Round "?"]
[White "chicogrande"]
[Black "Gifroy"]
[Result "1-0"]
[WhiteElo "2418"]
[BlackElo "2404"]
[PlyCount "93"]
[EventDate "2021.??.??"]
[EventType "blitz"]

1. e4 e5 2. Nf3 d5 3. Nxe5 Bd6 4. d4 dxe4 5. Nc4 Be7 6. Nc3 Bf5 7. Ne3 Bg6 8.
Bc4 Nf6 9. a3 c6 10. b4 Nbd7 11. Bb2 Nb6 12. Bb3 O-O 13. Ne2 Nbd5 14. c4 Nxe3
15. fxe3 Ng4 16. Qd2 Bg5 17. Nf4 Bxf4 18. exf4 e3 19. Qe2 Nf2 20. O-O Re8 21.
Bc2 Bxc2 22. Qxc2 Qh4 23. Rae1 Qxf4 24. Bc1 Qxd4 25. Qe2 Ng4 26. h3 Ne5 27. c5
Nc4 28. a4 Rad8 29. g3 Qd3 30. Qf3 f6 31. Re2 Nd2 32. Bxd2 exd2 33. Rxe8+ Kf7
34. Rxd8 Qxd8 35. Rd1 Qd4+ 36. Qf2 Qxb4 37. Rxd2 Qxa4 38. Qd4 Qxd4+ 39. Rxd4
Ke6 40. Rb4 Kd5 41. Rxb7 a5 42. Ra7 Kxc5 43. Rxa5+ Kb4 44. Ra7 c5 45. Rxg7 c4
46. Rxh7 c3 47. Rc7 {Normal} 1-0

[Event "Rated Rapid game"]
[Site "?"]
[Date "2021.05.05"]
[Round "?"]
[White "Aarushvinod"]
[Black "KBG1"]
[Result "1-0"]
[WhiteElo "2408"]
[BlackElo "2294"]
[PlyCount "43"]
[EventDate "2021.??.??"]
[EventType "rapid"]

1. e4 e5 2. Nf3 d5 3. Nxe5 Bd6 4. d4 dxe4 5. Bc4 Bxe5 6. Qh5 Qe7 7. Qxe5 Qxe5
8. dxe5 Nc6 9. Nc3 Bf5 10. Bf4 Nge7 11. O-O-O O-O 12. Rhe1 Ng6 13. Bg3 Ncxe5
14. Bb3 Rfe8 15. Nxe4 Bxe4 16. Rxe4 Re7 17. f4 Nc6 18. Rxe7 Ngxe7 19. Rd7 Rc8
20. Bh4 Kf8 21. Ba4 Ke8 22. Rxe7+ {Normal} 1-0

[Event "Rated Blitz game"]
[Site "?"]
[Date "2021.05.05"]
[Round "?"]
[White "Ch1llax"]
[Black "Jomajo"]
[Result "0-1"]
[WhiteElo "2593"]
[BlackElo "2638"]
[PlyCount "126"]
[EventDate "2021.??.??"]
[EventType "blitz"]

1. e4 e5 2. Nf3 d5 3. Nc3 d4 4. Ne2 d3 5. cxd3 Nc6 6. Ng3 Bg4 7. Be2 Bxf3 8.
Bxf3 Bc5 9. O-O Nge7 10. a3 a5 11. Rb1 O-O 12. d4 Nxd4 13. d3 a4 14. Be3 Nec6
15. Nf5 g6 16. Nxd4 Nxd4 17. Bxd4 Bxd4 18. Qc2 c6 19. h3 Qb6 20. Kh2 Rfd8 21.
Bg4 Qb3 22. Qd2 Rd6 23. f4 exf4 24. Qxf4 Rad8 25. Rf3 Rf6 26. Qc7 Rf8 27. Rxf6
Bxf6 28. e5 Bd8 29. Qd6 Qb6 30. Kh1 Bc7 31. Qe7 Bd8 32. Qd7 Qc7 33. Qd4 Be7 34.
Rf1 b5 35. Bd7 Bc5 36. Qxc5 Qxd7 37. d4 Rd8 38. Rf4 Qe6 39. Rf6 Qd5 40. Qe7 Qd7
41. Rxf7 Qxe7 42. Rxe7 Rxd4 43. Rc7 Re4 44. Rxc6 Rxe5 45. Rc2 Kg7 46. Kh2 Re3
47. Kg1 Rb3 48. Kf2 Kf6 49. Ke2 Ke5 50. Kd1 Kf4 51. Re2 Kg3 52. Kc2 g5 53. Re5
h6 54. Re6 Kxg2 55. Rxh6 Kg3 56. Rh5 Kf4 57. Rh8 Kg3 58. Rf8 Kh4 59. Rh8+ Kg3
60. Rh5 Kf4 61. Rh8 Rg3 62. Rb8 Rb3 63. Rxb5 Rxb5 {Normal} 0-1

[Event "Rated Blitz game"]
[Site "?"]
[Date "2021.05.05"]
[Round "?"]
[White "Cesmaster"]
[Black "annaly1979"]
[Result "1-0"]
[WhiteElo "2441"]
[BlackElo "2423"]
[PlyCount "89"]
[EventDate "2021.??.??"]
[EventType "blitz"]

1. e4 e5 2. Nf3 d5 3. Nxe5 Qe7 4. d4 f6 5. Nd3 Nc6 6. e5 Nxd4 7. f4 Bf5 8. Nc3
O-O-O 9. Be3 Nxc2+ 10. Qxc2 d4 11. Bxd4 Rxd4 12. O-O-O fxe5 13. fxe5 Bxd3 14.
Rxd3 Qxe5 15. Rxd4 Qxd4 16. Qf5+ Qd7 17. Qxf8+ Qd8 18. Qxd8+ Kxd8 19. Bc4 Nf6
20. Rd1+ Kc8 21. Be6+ Kb8 22. Nd5 Nxd5 23. Rxd5 c6 24. Rd7 g6 25. Kc2 Re8 26.
Bc4 h5 27. Rg7 Re4 28. Bd3 Rf4 29. Rxg6 h4 30. Kc3 Kc7 31. g3 hxg3 32. hxg3 Rf3
33. g4 b6 34. Rg7+ Kd6 35. g5 Rg3 36. g6 a5 37. Rb7 Kc5 38. a3 b5 39. b4+ axb4+
40. axb4+ Kd6 41. Kd4 Rg4+ 42. Be4 Ke6 43. Rc7 Kd6 44. Rxc6+ Kd7 45. Rb6 {
Normal} 1-0

[Event "Rated Blitz game"]
[Site "?"]
[Date "2021.05.05"]
[Round "?"]
[White "jaci3"]
[Black "Michael_Watts"]
[Result "0-1"]
[WhiteElo "2451"]
[BlackElo "2282"]
[PlyCount "118"]
[EventDate "2021.??.??"]
[EventType "blitz"]

1. e4 e5 2. Nf3 d5 3. Nc3 d4 4. Ne2 Bd6 5. d3 Nf6 6. Ng3 O-O 7. Be2 c5 8. O-O
Nc6 9. b3 Ne7 10. Bg5 Ng6 11. a4 h6 12. Bxf6 Qxf6 13. Nd2 Nf4 14. Nc4 Nxe2+ 15.
Qxe2 Bc7 16. Qd2 b6 17. Ne2 Bg4 18. f3 Be6 19. Rf2 Qg6 20. Raf1 f5 21. exf5
Bxf5 22. Re1 Rae8 23. Ng3 Kh8 24. Rfe2 Qf6 25. Nxf5 Qxf5 26. Re4 Rf7 27. R1e2
Rfe7 28. Qe1 a6 29. f4 b5 30. axb5 axb5 31. Nxe5 Bxe5 32. fxe5 Re6 33. Qg3 Ra8
34. h3 Ra1+ 35. Re1 Ra2 36. R4e2 c4 37. bxc4 bxc4 38. dxc4 Rxc2 39. Rxc2 Qxc2
40. Qg4 Qxc4 41. Qe4 Qc5 42. Kh1 d3 43. Qxd3 Rxe5 44. Rb1 Re8 45. Qg3 Qe5 46.
Qf2 Qe4 47. Rf1 Qe2 48. Qf7 Qe6 49. Qf6 Qxf6 50. Rg1 Qg6 51. Kh2 Qg5 52. Rf1
Qe5+ 53. Kh1 Rd8 54. Rc1 Rd2 55. Rf1 Qe2 56. Rg1 Qf2 57. Kh2 Qf4+ 58. Kh1 Qg3
59. h4 Qxh4# {Normal} 0-1

[Event "Rated Blitz tournament Dn26Emoy"]
[Site "?"]
[Date "2021.05.05"]
[Round "?"]
[White "MEFE-GIO"]
[Black "GFF_KBPL"]
[Result "0-1"]
[WhiteElo "2460"]
[BlackElo "2330"]
[PlyCount "104"]
[EventDate "2021.??.??"]
[EventType "blitz"]

1. e4 e5 2. Nf3 d5 3. exd5 e4 4. Qe2 Nf6 5. d3 Bb4+ 6. c3 O-O 7. cxb4 exf3 8.
Qxf3 Re8+ 9. Be3 Nxd5 10. Nc3 Nxe3 11. fxe3 Qh4+ 12. g3 Qxb4 13. O-O-O Nc6 14.
Bg2 Bg4 15. Qf4 Qxf4 16. exf4 Bxd1 17. Rxd1 Rad8 18. Ne4 Nd4 19. Nc3 Ne2+ 20.
Kd2 Nxc3 21. bxc3 c6 22. d4 f5 23. Rb1 Re7 24. Kd3 g6 25. h3 Rde8 26. g4 Re3+
27. Kc4 Rg3 28. Bh1 Ree3 29. Rxb7 Rxc3+ 30. Kb4 Rc2 31. Ka4 Rxa2+ 32. Kb4 Rb2+
33. Kc5 Rxb7 34. Bxc6 Rc7 35. gxf5 Rc3+ 36. Kd5 R3xc6 37. fxg6 hxg6 38. Ke5 Rc4
39. d5 R7c5 40. h4 Rxd5+ 41. Kxd5 Rxf4 42. h5 Rh4 43. hxg6 Kg7 44. Kc6 a5 45.
Kb7 a4 46. Kb6 a3 47. Kc6 a2 48. Kb7 a1=Q 49. Kb6 Qc1 50. Kb7 Rh2 51. Kb6 Rb2+
52. Ka6 Qa1# {Normal} 0-1

[Event "Rated Blitz game"]
[Site "?"]
[Date "2021.05.05"]
[Round "?"]
[White "Bajanista"]
[Black "DarthZannah"]
[Result "1-0"]
[WhiteElo "2359"]
[BlackElo "2524"]
[PlyCount "55"]
[EventDate "2021.??.??"]
[EventType "blitz"]

1. e4 e5 2. Nf3 d5 3. Nxe5 dxe4 4. Nc3 Qd4 5. Ng4 f5 6. Ne3 Nf6 7. b3 Bc5 8.
Bb2 f4 9. Na4 Qd6 10. Nc4 Qd5 11. Nxc5 Qxc5 12. d4 Qg5 13. h4 Qg6 14. Ne5 Qf5
15. Bc4 Be6 16. d5 Bg8 17. Bb5+ Kd8 18. Qd4 a6 19. Be2 Nbd7 20. Nc6+ Ke8 21.
Na5 Qxd5 22. Qb4 b6 23. Nc4 a5 24. Qc3 Be6 25. Rd1 Qf5 26. Nd2 c5 27. Bb5 Kf7
28. Nc4 {Time forfeit} 1-0

[Event "Rated Blitz game"]
[Site "?"]
[Date "2021.05.05"]
[Round "?"]
[White "Culapio"]
[Black "Jomajo"]
[Result "0-1"]
[WhiteElo "2465"]
[BlackElo "2636"]
[PlyCount "58"]
[EventDate "2021.??.??"]
[EventType "blitz"]

1. e4 e5 2. Nf3 d5 3. d4 dxe4 4. Nxe5 Bd6 5. Nc4 Nc6 6. Be3 Nge7 7. Be2 O-O 8.
Nc3 f5 9. g3 f4 10. gxf4 Bxf4 11. Qd2 Bxe3 12. fxe3 Ng6 13. O-O-O Qh4 14. d5
Nce7 15. d6 cxd6 16. Nxd6 Be6 17. Nxb7 Rf2 18. Qd6 Bf7 19. Nd8 Nf5 20. Qc6 Rxd8
21. Rxd8+ Qxd8 22. Rd1 Qg5 23. Bc4 Nxe3 24. Nxe4 Qe7 25. Rd7 Qe8 26. Nxf2 Nxc4
27. Nd3 Qe3+ 28. Kb1 Nd2+ 29. Ka1 Qg1+ {Time forfeit} 0-1

[Event "Rated Blitz game"]
[Site "?"]
[Date "2021.05.05"]
[Round "?"]
[White "Fleetwood_Mac"]
[Black "Jomajo"]
[Result "0-1"]
[WhiteElo "2468"]
[BlackElo "2649"]
[PlyCount "132"]
[EventDate "2021.??.??"]
[EventType "blitz"]

1. e4 e5 2. Nf3 d5 3. Nxe5 Bd6 4. d4 dxe4 5. Bc4 Bxe5 6. dxe5 Qxd1+ 7. Kxd1 Nc6
8. Bf4 Nge7 9. Nd2 Bf5 10. Re1 O-O-O 11. Bxf7 Rhf8 12. e6 h6 13. Kc1 Nd5 14.
Bg3 Nd4 15. Nxe4 Nxe6 16. Bxe6+ Bxe6 17. Nd6+ cxd6 18. Rxe6 Rf6 19. Rxf6 Nxf6
20. f3 Nh5 21. Kd2 Nxg3 22. hxg3 Kd7 23. Re1 Rc8 24. Kd3 Rc5 25. Re4 Rd5+ 26.
Rd4 Re5 27. Re4 Rd5+ 28. Ke2 Ra5 29. a4 Rd5 30. g4 b5 31. axb5 Rxb5 32. b4 a5
33. bxa5 Rxa5 34. Kd3 Ra1 35. Ke3 Rc1 36. c4 Rc2 37. g3 Rg2 38. Rf4 Rc2 39.
Rf7+ Kc6 40. Kd3 Rf2 41. Ke3 Rc2 42. Rxg7 Rc3+ 43. Kf2 Rxc4 44. f4 Rc2+ 45. Kf3
Rc3+ 46. Kg2 Rc2+ 47. Kh3 Rc1 48. g5 hxg5 49. Rxg5 Kd7 50. Kg4 Ke6 51. Rg6+ Ke7
52. Kf5 Rc5+ 53. Ke4 Rc4+ 54. Kd5 Rc5+ 55. Kd4 Rc1 56. g4 Rd1+ 57. Ke4 Rc1 58.
Kf5 Rc5+ 59. Ke4 Rc4+ 60. Kf5 Rc1 61. Kg5 Rc5+ 62. f5 Kd7 63. Rg7+ Kc6 64. Kg6
Rc4 65. g5 Rf4 66. f6 Kd5 {Time forfeit} 0-1

[Event "Rated Blitz game"]
[Site "?"]
[Date "2021.05.05"]
[Round "?"]
[White "hoho123"]
[Black "ribhusgm"]
[Result "0-1"]
[WhiteElo "2593"]
[BlackElo "2603"]
[PlyCount "110"]
[EventDate "2021.??.??"]
[EventType "blitz"]

1. e4 e5 2. Nf3 d5 3. exd5 c6 4. Nxe5 cxd5 5. d4 Ne7 6. Bb5+ Nec6 7. O-O Be7 8.
Nxc6 Nxc6 9. c3 a6 10. Bd3 O-O 11. Nd2 Bd6 12. Qh5 g6 13. Qh6 Re8 14. Nf3 Bf8
15. Qg5 Qxg5 16. Bxg5 Bg4 17. Rfe1 Bxf3 18. gxf3 f5 19. Kg2 Rxe1 20. Rxe1 Kf7
21. h3 Bd6 22. Re2 Nd8 23. Bxd8 Rxd8 24. Kf1 b5 25. Bc2 Bf4 26. Bb3 a5 27. a4
bxa4 28. Bxa4 Kf6 29. Ke1 Kg5 30. Re7 Rb8 31. b3 Rc8 32. Rxh7 Rxc3 33. h4+ Kf6
34. Be8 Rc8 35. Bb5 Rc1+ 36. Ke2 Rb1 37. Bc6 Rb2+ 38. Kf1 Rd2 39. Bxd5 Rxd4 40.
Bg8 Bd6 41. Kg2 a4 42. bxa4 Rxa4 43. Bb3 Rb4 44. Bc2 Rb2 45. Bd3 Bc5 46. h5 g5
47. h6 Rxf2+ 48. Kh1 Rxf3 49. Bc4 g4 50. Rf7+ Kg6 51. h7 Bd4 52. Be6 Re3 53.
Bd5 Re1+ 54. Kg2 Re2+ 55. Kg3 Be5+ {Normal} 0-1

[Event "Rated Blitz game"]
[Site "?"]
[Date "2021.05.05"]
[Round "?"]
[White "RFNUNEZ"]
[Black "Schachelite"]
[Result "0-1"]
[WhiteElo "2330"]
[BlackElo "2433"]
[PlyCount "44"]
[EventDate "2021.??.??"]
[EventType "blitz"]

1. e4 e5 2. Nf3 d5 3. exd5 e4 4. Ne5 Qxd5 5. d4 exd3 6. Nxd3 Nc6 7. Nc3 Qf5 8.
Be3 Nf6 9. Qd2 Be6 10. O-O-O O-O-O 11. h3 Nb4 12. a3 Nxd3+ 13. Bxd3 Qa5 14.
Rhe1 Bxa3 15. bxa3 Qxa3+ 16. Kb1 Rd6 17. f4 Rc6 18. Bd4 Rd8 19. Be5 Rb6+ 20.
Nb5 Rxb5+ 21. Bxb5 Rxd2 22. Rxd2 Qb4+ {Normal} 0-1

[Event "Rated Blitz game"]
[Site "?"]
[Date "2021.05.05"]
[Round "?"]
[White "mrios"]
[Black "Gifroy"]
[Result "1-0"]
[WhiteElo "2495"]
[BlackElo "2431"]
[PlyCount "80"]
[EventDate "2021.??.??"]
[EventType "blitz"]

1. e4 e5 2. Nf3 d5 3. Nxe5 Bd6 4. d4 dxe4 5. Nc4 Be7 6. Nc3 Bf5 7. Bf4 Nf6 8.
h3 O-O 9. a3 c6 10. Qd2 Nd5 11. Bg3 Nd7 12. Ne3 Nxe3 13. fxe3 Nb6 14. Be2 Bg6
15. O-O-O Nd5 16. Kb1 b5 17. Nxd5 Qxd5 18. Rc1 f5 19. c4 Qd7 20. cxb5 cxb5 21.
Rc7 Qe8 22. Be5 a6 23. Rhc1 Bf6 24. Bxf6 Rxf6 25. g3 Rf7 26. Qc3 Rxc7 27. Qxc7
Bf7 28. h4 Qe6 29. Rc3 h6 30. Bd1 Qg6 31. Qc6 Qxc6 32. Rxc6 Bc4 33. Kc2 Rd8 34.
Kc3 a5 35. Rc5 a4 36. Bxa4 bxa4 37. Rxc4 g5 38. hxg5 hxg5 39. Rxa4 Re8 40. Kd2
Rb8 {Normal} 1-0

[Event "Rated Blitz game"]
[Site "?"]
[Date "2021.05.05"]
[Round "?"]
[White "Olop"]
[Black "GoughPhar"]
[Result "0-1"]
[WhiteElo "2281"]
[BlackElo "2440"]
[PlyCount "98"]
[EventDate "2021.??.??"]
[EventType "blitz"]

1. e4 e5 2. Nf3 d5 3. Nxe5 Bd6 4. d4 dxe4 5. Bc4 Bxe5 6. dxe5 Qxd1+ 7. Kxd1 Nc6
8. Bf4 Bg4+ 9. Be2 O-O-O+ 10. Nd2 Bf5 11. g4 Bg6 12. c3 Nge7 13. h4 h5 14. f3
Nd5 15. Bg5 f6 16. exf6 gxf6 17. fxe4 Bxe4 18. Nxe4 Nxc3+ 19. Ke1 Nxe4 20. Be3
Rhe8 21. gxh5 Ng3 22. Bg4+ Kb8 23. Kf2 Nxh1+ 24. Rxh1 f5 25. Bf3 Ne5 26. Be2
Ng4+ 27. Bxg4 fxg4 28. Bg5 Rd3 29. Rg1 Rf8+ 30. Ke2 Rh3 31. Rxg4 Rh2+ 32. Kd3
Rxb2 33. a4 Ra2 34. h6 Raf2 35. h7 R2f7 36. Bh6 Rd8+ 37. Rd4 Rxd4+ 38. Kxd4
Rxh7 39. Bg5 a6 40. Ke5 b5 41. axb5 axb5 42. Kf6 b4 43. Kg6 Rh8 44. Kg7 Rh5 45.
Kg6 Rxg5+ 46. Kxg5 b3 47. h5 b2 48. h6 b1=Q 49. Kf6 Qh7 {Normal} 0-1

[Event "Rated Blitz game"]
[Site "?"]
[Date "2021.05.05"]
[Round "?"]
[White "extermo44"]
[Black "jsequera"]
[Result "1-0"]
[WhiteElo "2485"]
[BlackElo "2477"]
[PlyCount "31"]
[EventDate "2021.??.??"]
[EventType "blitz"]

1. e4 e5 2. Nf3 d5 3. exd5 e4 4. Qe2 f5 5. d3 Nf6 6. Nbd2 Be7 7. dxe4 fxe4 8.
Nxe4 O-O 9. Nc3 Bb4 10. Qc4 Nxd5 11. Bd2 Be6 12. O-O-O Nc6 13. Nxd5 Bxd5 14.
Bxb4 Nxb4 15. Qxb4 c6 16. Bc4 {Normal} 1-0

[Event "Rated Blitz game"]
[Site "?"]
[Date "2021.05.05"]
[Round "?"]
[White "Slea"]
[Black "blastol"]
[Result "1-0"]
[WhiteElo "2474"]
[BlackElo "2365"]
[PlyCount "125"]
[EventDate "2021.??.??"]
[EventType "blitz"]

1. e4 e5 2. Nf3 d5 3. exd5 Bd6 4. c4 e4 5. Nd4 f5 6. d3 Qe7 7. dxe4 fxe4 8. Be2
Nd7 9. Nf5 Qf8 10. Nxd6+ Qxd6 11. Nc3 Ngf6 12. Nb5 Qb6 13. Be3 Qa5+ 14. Qd2
Qxd2+ 15. Bxd2 Kd8 16. Bf4 Ne8 17. O-O a6 18. Nd4 Ndf6 19. Rfe1 Nd6 20. Rad1
Nf5 21. Nxf5 Bxf5 22. h3 h6 23. Bf1 Re8 24. g4 Bh7 25. c5 g5 26. Bg3 Kd7 27.
c6+ Kc8 28. d6 cxd6 29. cxb7+ Kxb7 30. Rxd6 Rf8 31. Red1 Rac8 32. Rxf6 Rxf6 33.
Rd7+ Kb6 34. Rxh7 Rc1 35. Re7 Rc2 36. Rxe4 Rxb2 37. a3 Rc6 38. Be5 Ra2 39. Rb4+
Ka5 40. Rb3 Rc1 41. Kg2 Raa1 42. Be2 Ra2 43. Bf3 Rcc2 44. Bd4 Rd2 45. Be3 Rdb2
46. Rd3 Ka4 47. Bc6+ Ka5 48. Rd5+ Rb5 49. Bxb5 axb5 50. Rd6 Rxa3 51. Rxh6 b4
52. Bxg5 b3 53. Rh8 Kb5 54. Rb8+ Kc4 55. Bf6 Ra6 56. g5 Re6 57. h4 Rc6 58. h5
Rc7 59. h6 Rf7 60. Rb6 Kc5 61. Rxb3 Kd6 62. Rh3 Ke6 63. h7 {Normal} 1-0

[Event "Rated Blitz game"]
[Site "?"]
[Date "2021.05.05"]
[Round "?"]
[White "sigalj"]
[Black "CreepyMovez"]
[Result "1-0"]
[WhiteElo "2437"]
[BlackElo "2318"]
[PlyCount "71"]
[EventDate "2021.??.??"]
[EventType "blitz"]

1. e4 e5 2. Nf3 d5 3. exd5 e4 4. Ne5 Nf6 5. d4 Bd6 6. c4 O-O 7. Nc3 Re8 8. Be3
c5 9. Nxf7 Kxf7 10. dxc5 Be5 11. Qb3 Ng4 12. O-O-O Nxe3 13. fxe3 Qg5 14. Nxe4
Qh6 15. Bd3 Kg8 16. Kb1 Na6 17. h4 Bf5 18. Qa3 Rac8 19. c6 bxc6 20. Qxa6 Qxe3
21. Rhe1 Qd4 22. Qa3 Rb8 23. Rd2 Bf4 24. Rde2 h6 25. Nf6+ Qxf6 26. Rxe8+ Rxe8
27. Rxe8+ Kf7 28. Rf8+ Kg6 29. Rxf6+ Kxf6 30. Bxf5 Kxf5 31. Qf3 g5 32. dxc6 g4
33. Qxf4+ Kxf4 34. c7 Kg3 35. c8=Q Kxg2 36. Qxg4+ {Normal} 1-0

[Event "Rated Blitz game"]
[Site "?"]
[Date "2021.05.05"]
[Round "?"]
[White "aRlEn1p"]
[Black "komendart"]
[Result "1-0"]
[WhiteElo "2394"]
[BlackElo "2426"]
[PlyCount "85"]
[EventDate "2021.??.??"]
[EventType "blitz"]

1. e4 e5 2. Nf3 d5 3. exd5 e4 4. Qe2 Nf6 5. d3 Bf5 6. dxe4 Nxe4 7. Nbd2 Qxd5 8.
Nxe4 Qxe4 9. Bf4 Bb4+ 10. c3 Ba5 11. O-O-O O-O 12. Qxe4 Bxe4 13. Bc4 Bxf3 14.
gxf3 Nc6 15. b4 Bb6 16. a4 Rac8 17. Rd2 a5 18. b5 Ne7 19. Rd7 Ng6 20. Bg3 h5
21. h4 Kh7 22. Bxf7 Rcd8 23. Rhd1 Rxd7 24. Rxd7 Rc8 25. Rd5 Kh6 26. Rg5 Rf8 27.
Bxg6 Rxf3 28. Be8 Rxc3+ 29. Kd2 Rc5 30. Rxc5 Bxc5 31. Bxc7 Bxf2 32. Bd8 g6 33.
Bg5+ Kg7 34. Kd3 Bc5 35. Kc4 Bf2 36. Kd5 b6 37. Ke6 Bg1 38. Bf6+ Kh7 39. Kf7
Bc5 40. Bc6 Be3 41. Be4 Kh6 42. Bg7+ Kh7 43. Bxg6# {Normal} 1-0

[Event "Rated Blitz game"]
[Site "?"]
[Date "2021.05.05"]
[Round "?"]
[White "Doubleb17"]
[Black "komendart"]
[Result "0-1"]
[WhiteElo "2486"]
[BlackElo "2419"]
[PlyCount "114"]
[EventDate "2021.??.??"]
[EventType "blitz"]

1. e4 e5 2. Nf3 d5 3. Nxe5 dxe4 4. d4 exd3 5. Bxd3 Bd6 6. Nc4 Be7 7. O-O Nf6 8.
Bf4 O-O 9. Nc3 Be6 10. Na5 b6 11. Qf3 Nd5 12. Be4 Nxf4 13. Qxf4 c6 14. Nxc6
Nxc6 15. Bxc6 Rc8 16. Be4 Bd6 17. Qf3 Qh4 18. g3 Qg5 19. Qd3 Rfd8 20. Bxh7+ Kh8
21. Be4 Bc4 22. Qf3 Bxf1 23. Rxf1 Kg8 24. h4 Qa5 25. Bd5 Rc7 26. Ne4 Be5 27.
Bb3 Bxb2 28. Ng5 Bf6 29. Qh5 Bxg5 30. hxg5 Qf5 31. Kg2 Qe4+ 32. Kh2 Qh7 33. Qh4
Qxh4+ 34. gxh4 Rd4 35. Kg3 Kf8 36. f4 Rc3+ 37. Kg4 g6 38. Re1 Rd2 39. Rg1 Kg7
40. h5 gxh5+ 41. Kxh5 Rh2+ 42. Kg4 Kg6 43. f5+ Kg7 44. Kf4 Rh4+ 45. Ke5 Rc5+
46. Kd6 Rd4+ 47. Ke7 Re5+ 48. Be6 fxe6 49. f6+ Kg6 50. f7 Rf5 51. f8=Q Rxf8 52.
Kxf8 Rc4 53. Ke7 Rxc2 54. Kxe6 Rxa2 55. Kd6 Ra5 56. Kc6 Rxg5 57. Ra1 Ra5 {
Time forfeit} 0-1

[Event "Rated Blitz game"]
[Site "?"]
[Date "2021.05.05"]
[Round "?"]
[White "limosity"]
[Black "ieks"]
[Result "1-0"]
[WhiteElo "2419"]
[BlackElo "2430"]
[PlyCount "107"]
[EventDate "2021.??.??"]
[EventType "blitz"]

1. e4 e5 2. Nf3 d5 3. exd5 Bd6 4. d4 e4 5. Qe2 Nf6 6. Bg5 O-O 7. Nfd2 Bf5 8.
Nc3 Re8 9. O-O-O Bb4 10. Bxf6 Qxf6 11. Ndxe4 Qh6+ 12. Kb1 Nd7 13. Qf3 Qg6 14.
Bd3 Bg4 15. Qg3 Bxd1 16. Rxd1 Qxg3 17. Nxg3 Nf6 18. Bc4 Bxc3 19. bxc3 Ne4 20.
Nxe4 Rxe4 21. Bd3 Re7 22. c4 Rae8 23. c5 Re1 24. Kc1 Rxd1+ 25. Kxd1 Kf8 26. c4
g6 27. f3 Ke7 28. Kd2 f5 29. Bc2 Kf6 30. Ba4 Rd8 31. c6 bxc6 32. Bxc6 Rb8 33.
Kc2 Ke7 34. c5 Rb4 35. Kc3 Rb1 36. g4 fxg4 37. fxg4 Rg1 38. h3 Rg3+ 39. Kc4
Rxh3 40. Bb7 Rg3 41. Bc8 h5 42. gxh5 gxh5 43. Kb5 h4 44. Kc6 h3 45. Bxh3 Rxh3
46. Kxc7 Rh7 47. c6 Kf6+ 48. Kd6 Rh8 49. c7 Kf7 50. Kc6 Ke7 51. d6+ Ke6 52. d7
Rh4 53. c8=Q Rxd4 54. d8=Q+ {Time forfeit} 1-0

[Event "Rated Blitz game"]
[Site "?"]
[Date "2021.05.05"]
[Round "?"]
[White "z2win"]
[Black "Korshun_2022"]
[Result "0-1"]
[WhiteElo "2432"]
[BlackElo "2353"]
[PlyCount "50"]
[EventDate "2021.??.??"]
[EventType "blitz"]

1. e4 e5 2. Nf3 d5 3. d4 dxe4 4. Nxe5 Bd6 5. Nc4 Nf6 6. c3 O-O 7. Bg5 Be7 8.
Nbd2 Nd5 9. Bxe7 Qxe7 10. Qe2 f5 11. O-O-O Be6 12. Kb1 c6 13. Ne5 Nd7 14. f4
Nxe5 15. fxe5 b5 16. g3 a5 17. c4 bxc4 18. Nxc4 Rfb8 19. Ka1 a4 20. a3 Rb3 21.
Nd2 Re3 22. Qf2 Rb8 23. Bc4 Rxa3+ 24. bxa3 Qxa3+ 25. Ba2 Qb2# {Normal} 0-1